| 000 | 00853nam a22002417a 4500 | ||
|---|---|---|---|
| 999 |
_c22620 _d22620 |
||
| 003 | AR-CdUCM | ||
| 008 | 190409b ||||| |||| 00| 0 spa d | ||
| 020 | _a9786124453182 | ||
| 040 |
_aMUNICIPALIDAD PROVINCIAL DEL CUSCO _cBIBLIOTECA MUNICIPAL DEL CUSCO |
||
| 082 |
_a323.0420985/R21 _bR21 |
||
| 100 |
_aRamírez, Marco Antonio _948680 |
||
| 245 |
_aLa identidad necesaria : _bparticipación y representación política del pueblo afroperuano / |
||
| 260 |
_aLima : _bJurado Nacional de Elecciones, _c2022. |
||
| 300 |
_a301 páginas. : _c21 cm. |
||
| 650 |
_aParticipación ciudadana _94011 |
||
| 650 |
_aAfroperuanos _948681 |
||
| 650 |
_aRacismo _93784 |
||
| 650 |
_aSistema electoral _944786 |
||
| 650 |
_aDerechos políticos _929437 |
||
| 710 |
_aJurado Nacional de Elecciones _tentidad editora _948650 |
||
| 942 |
_2ddc _cLIBROS |
||
| 945 | _arac | ||